Aaron Ward Weaver letterpress books, (Record no. 44127)
[ view plain ]
| 000 -LEADER | |
|---|---|
| fixed length control field | 01764cpcaa2200373 a 4500 |
| 001 - CONTROL NUMBER | |
| control field | mm 85061806 |
| 003 - CONTROL NUMBER IDENTIFIER | |
| control field | DLC |
| 005 - DATE AND TIME OF LATEST TRANSACTION | |
| control field | 20260227111722.0 |
| 007 - PHYSICAL DESCRIPTION FIXED FIELD--GENERAL INFORMATION | |
| fixed length control field | cr ||||||||||| |
| 008 - FIXED-LENGTH DATA ELEMENTS--GENERAL INFORMATION | |
| fixed length control field | 850417|||||||||||| eng |
| 010 ## - LIBRARY OF CONGRESS CONTROL NUMBER | |
| LC control number | mm 85061806 |
| 040 ## - CATALOGING SOURCE | |
| Original cataloging agency | DLC |
| Transcribing agency | DLC |
| Modifying agency | DLC |
| Description conventions | dacs |
| 072 #7 - SUBJECT CATEGORY CODE | |
| Subject category code | W |
| Source | lcmd |
| 100 1# - MAIN ENTRY--PERSONAL NAME | |
| Personal name | Weaver, Aaron Ward, |
| Dates associated with a name | 1832-1919. |
| 245 00 - TITLE STATEMENT | |
| Title | Aaron Ward Weaver letterpress books, |
| Inclusive dates | 1861-1884 |
| Bulk dates | (bulk 1882-1884). |
| 300 ## - PHYSICAL DESCRIPTION | |
| Extent | 3 |
| Type of unit | items. |
| 300 ## - PHYSICAL DESCRIPTION | |
| Extent | 1 |
| Type of unit | oversize. |
| 300 ## - PHYSICAL DESCRIPTION | |
| Extent | 0.2 |
| Type of unit | linear feet. |
| 506 0# - RESTRICTIONS ON ACCESS NOTE | |
| Terms governing access | Open to research. |
| 520 8# - SUMMARY, ETC. | |
| Summary, etc. | Letterpress books kept by Weaver while commanding the U.S.S. Brooklyn during its service, 1882-1884, with the U.S. Navy South Atlantic Squadron. Includes correspondence relating to maintenance, operations, stores, and ports of call along the eastern coast of South America and the southwestern and southern coasts of Africa. Also includes a lithograph of the ship published in 1861. |
| 545 0# - BIOGRAPHICAL OR HISTORICAL DATA | |
| Biographical or historical data | Naval officer. |
| 546 ## - LANGUAGE NOTE | |
| Language note | Collection material in English. |
| 555 8# - CUMULATIVE INDEX/FINDING AIDS NOTE | |
| Cumulative index/finding aids note | Finding aid available in the Library of Congress Manuscript Reading Room and at |
| Uniform Resource Identifier | <a href="http://hdl.loc.gov/loc.mss/eadmss.ms008142">http://hdl.loc.gov/loc.mss/eadmss.ms008142</a> |
| 610 20 - SUBJECT ADDED ENTRY--CORPORATE NAME | |
| Corporate name or jurisdiction name as entry element | Brooklyn (Ship) |
| 610 10 - SUBJECT ADDED ENTRY--CORPORATE NAME | |
| Corporate name or jurisdiction name as entry element | United States. |
| Subordinate unit | Navy. |
| -- | South Atlantic Squadron. |
| 650 #0 - SUBJECT ADDED ENTRY--TOPICAL TERM | |
| Topical term or geographic name entry element | Ship's papers |
| Chronological subdivision | 19th century. |
| 651 #0 - SUBJECT ADDED ENTRY--GEOGRAPHIC NAME | |
| Geographic name | Africa |
| General subdivision | Description and travel. |
| 651 #0 - SUBJECT ADDED ENTRY--GEOGRAPHIC NAME | |
| Geographic name | South America |
| General subdivision | Description and travel. |
| 656 #7 - INDEX TERM--OCCUPATION | |
| Occupation | Naval officers. |
| Source of term | itoamc |
| 856 4# - ELECTRONIC LOCATION AND ACCESS | |
| Materials specified | Finding aid |
| Uniform Resource Identifier | <a href="http://hdl.loc.gov/loc.mss/eadmss.ms008142">http://hdl.loc.gov/loc.mss/eadmss.ms008142</a> |
| 856 4# - ELECTRONIC LOCATION AND ACCESS | |
| Materials specified | Finding aid (PDF) |
| Uniform Resource Identifier | <a href="http://hdl.loc.gov/loc.mss/eadmss.ms008142.3">http://hdl.loc.gov/loc.mss/eadmss.ms008142.3</a> |
No items available.